000 00731nam a2200253 a 4500
001 52888
003 BD-RjUL
005 20211209075857.0
008 160928s1983 enka b 001 0 eng
020 _a0471104302 (cloth)
020 _a0471900516 (pbk.) :
035 _a(BD-RjUL)53008
040 _aDLC
_cDLC
_dBD-RjUL
_beng
041 _aeng
082 _223
_a621.317
_bBII 1983
100 1 _aBird, B. M.
_9158121
245 1 3 _aAn introduction to power electronics /
_cB.M. Bird, K.G. King.
260 _aNew York :
_bChichester,
_c1983
300 _axvi, 287 p. :
_bill. ;
_c24 cm.
504 _aIncludes index and Bibliography
650 0 _aPower electronics.
_9158122
700 1 _aKing, K. G.
_9158123
942 _2ddc
_cBK
999 _c52888
_d52888